International Love - Pitbull Feat. Chris Brown - All Lyrics - Statistics

General Stats
  • This quiz has been taken 79 times
  • The average score is 375 of 526
Answer Stats
Answer % Correct
I
100%
I-I-I
100%
(212)
98%
212)
98%
(310)
98%
(Hey),
98%
Hey
98%
(Oh,
98%
oh,
98%
oh),
98%
oh)
98%
Oh-oh
98%
oh-oh
98%
oh-oh)
98%
oh-oh,
98%
(Oh-oh),
98%
Oh-oh-oh
98%
(Oh-woah),
98%
Oh-woah
98%
(Uh-huh)
98%
(Uh-huh,
98%
Woah-woah,
98%
woah-woah,
98%
(Woo!),
98%
(Woo!)
98%
woo!)
98%
(Woo,
98%
(Woo)
98%
(Woo),
98%
woo),
98%
(Woo!,
98%
yeah)
98%
(Yeah)
98%
(Yeah),
98%
yeah,
98%
(Yeah,
98%
In
97%
in
97%
a
95%
international,
95%
international
95%
International
95%
(International,
95%
international)
95%
(L.A.,
95%
L.A.),
95%
the
95%
You
95%
you
95%
you,
95%
it
92%
it,
92%
love
92%
love,
92%
New
90%
York
89%
me,
87%
me
87%
down
84%
Down
84%
down,
84%
(Down)
84%
like
83%
never
83%
Don't
81%
(Don't
81%
don't
81%
City,
79%
City
79%
it's
79%
Miami,
79%
Miami
79%
Miami),
79%
can
78%
so
76%
So
76%
my
75%
ever
73%
put
73%
boy
71%
boy)
71%
catch
71%
to
71%
And
70%
and
70%
can't
70%
(Can't
70%
But
68%
but
68%
for
68%
I'm
67%
baby,
65%
baby
65%
place
65%
seen
63%
that
63%
Angeles,
62%
Angeles
62%
Angeles),
62%
Los
62%
(Los
62%
have
60%
I've
60%
women
60%
been
59%
Been
59%
not
59%
what
59%
your
59%
There's
57%
with
57%
know
56%
of
56%
everywhere,
54%
everywhere?
54%
Everywhere
54%
everywhere
54%
test
54%
(You're
54%
are
52%
fantasy
52%
play
52%
world,
52%
world),
52%
now
51%
now,
51%
on
51%
sleep
51%
all
49%
(All
49%
get
49%
heat
49%
heat,
49%
globe
48%
they
48%
when
48%
Blow
46%
feel
46%
football,
46%
left
46%
run
46%
whistle,
46%
about
44%
beautiful
44%
big
44%
forget
44%
Greece,
44%
home
44%
if
44%
mean
44%
sweet
44%
around
43%
baseball,
43%
blue,
43%
countries
43%
green
43%
Brazil,
41%
cities
41%
Colombia,
41%
most
41%
pronounce
41%
than
41%
touched
41%
we're
41%
(We're
41%
yellow
41%
at
40%
got
40%
Lebanon,
40%
Romania,
40%
she
40%
sister"
40%
Wild
40%
Hotter
38%
hotter
38%
ocean
38%
affect
37%
best
37%
body,
37%
change
37%
let
37%
ol'
37%
overseas
37%
"Pit,
37%
some
37%
ain't
35%
cross
35%
DR,
35%
existed
35%
gon'
35%
guessed
35%
places
35%
thongs,
35%
told
35%
what's
35%
hit
33%
referee,
33%
they're
33%
'Cause
32%
Cremate
32%
Miami's
32%
credit
30%
death
30%
everythin'
30%
hundred
30%
nothin'
30%
pulled
30%
305
29%
(305)
29%
305)
29%
bomb
29%
freaky
29%
lie
29%
side
29%
sure
29%
cards,
27%
I'll
27%
lookin'
27%
rap
27%
visas
27%
G's
25%
talkin'
25%
show
22%
'til
21%
done
19%
per
14%
booties
13%
let's
10%
ride)
3%
rise)
0%
No matching quizzes found
Score Distribution
Percent of People with Each Score
Percentile by Number Answered
Your Score History
You have not taken this quiz